[Event "Chinese Chess League Men 2019"]
[Site "Daqing"]
[Date "2019.06.26"]
[Round "8.6"]
[White "Zhao, Jun"]
[Black "Xu, Yi"]
[Result "1-0"]
[WhiteElo "2625"]
[BlackElo "2526"]
[Annotator "TA"]
[PlyCount "125"]
[EventDate "2019.06.19"]
[EventType "team-tourn"]
[EventCountry "CHN"]
[SourceTitle "playchess.com"]
[Source "ChessBase"]
[SourceQuality "1"]

{[%evp 15,125,25,23,19,25,22,37,18,32,33,57,49,43,18,22,14,29,20,33,50,32,33,25,5,8,8,12,17,15,1,1,1,6,1,1,1,1,1,3,4,10,0,0,0,0,0,0,0,0,0,0,0,10,10,93,93,94,94,92,94,94,94,192,0,8,26,60,60,114,60,385,385,385,369,1370,1298,1054,59,60,76,76,76,151,151,151,151,151,151,151,209,12821,11669,9002,9820,29944,29943,5473,4456,29966,29963,29956,29949,29975,29977,29976,29977,29979,29981,29984,29985,29986,29987]} 1. c4 e5 2. g3 c6 3. Nf3 e4 4. Nd4 d5 5. cxd5 cxd5 6. d3 Nf6 7. Nc3 Bc5 8. Nb3 Bb4 9. dxe4 {A23: English Opening: 1...e5 2 Nc3 Nf6 3 g3 c6} Nxe4 {And now ...d4 would win.} 10. Bd2 {Threatens to win with Nxe4.} Bxc3 11. Bxc3 {White is slightly better.} Nxc3 12. bxc3 Na6 $146 ({Predecessor:} 12... O-O 13. Bg2 Qc7 14. O-O Qxc3 15. Qxd5 Nc6 16. Qc5 Qxc5 17. Nxc5 {½-½ (51) Ivanisevic,I (2587)-Janik,I (2422) Batumi 2018}) 13. Bg2 Be6 14. Nd4 O-O 15. O-O Rc8 16. f4 Qf6 17. f5 Bd7 18. Bxd5 Rxc3 19. Bxb7 Nc5 20. Bg2 Re8 21. Rf4 Rc4 22. Rc1 Ba4 23. Qd2 ({Reject} 23. Rxc4 Bxd1 24. Rxc5 Rd8 $15) 23... Ne4 $1 {[%cal Re4d2][%mdl 64] Decoy} 24. Bxe4 Rxd4 25. Bd3 {Black should prevent Qc3.} Bb5 26. Qc3 Rxf4 27. Qxf6 gxf6 28. gxf4 Bxd3 29. exd3 $11 {[%mdl 4096] Endgame KR-KR} Re2 30. a4 Ra2 31. Rc4 Kf8 32. h3 Rd2 33. Rd4 Ke7 34. Rd5 Ra2 (34... h5 $11) 35. Ra5 $16 Ra3 36. Rxa7+ Kf8 37. a5 {a6 is the strong threat.} Rxd3 38. Kg2 Ra3 39. h4 $2 ({Better is} 39. Ra8+ $18 Ke7 40. a6) 39... h5 $11 40. a6 Kg7 41. Ra8 {Hoping for a7.} Ra5 42. Kf3 (42. a7 $16) 42... Ra4 $2 {[%mdl 8192] [#]} (42... Rxf5 $14 43. a7 Ra5) 43. Ke3 $1 $18 Kh7 44. Kd3 Kg7 $2 (44... Rxf4 45. Rf8 Ra4 46. Rxf7+ {[%mdl 64] Double Attack} Kh6 47. Rxf6+ (47. a7 Rxa7 48. Rxf6+ Kg7 $11) 47... Kg7 48. Rg6+ Kf7) 45. Kc3 Rxf4 {[#]} 46. Rc8 $2 (46. Rb8 $1 $18 {aiming for a7.} Ra4 47. Rb6 Rxh4 48. Rb4 Rh3+ 49. Kb2 Rh2+ 50. Ka3) 46... Ra4 $14 47. Rc6 {Black must now prevent Kb3.} Rxh4 48. Rc4 Rh1 (48... Rh3+ $142 49. Kb4 Re3) 49. Ra4 $16 {[%mdl 1024] White has strong compensation.} Rc1+ 50. Kd4 {Strongly threatening a7.} Rc8 51. a7 Ra8 52. Ke4 (52. Ke3 $16) 52... Kf8 $2 (52... h4 53. Kf3 h3) 53. Kf4 Ke7 54. Ra6 Kf8 55. Kg3 Kg7 56. Kh4 Kh7 57. Kxh5 {White mates.} Kg7 58. Kg4 Kh7 59. Kf4 Kg7 60. Ke4 Kf8 61. Kd5 Ke7 62. Kc6 Rd8 63. Ra1 {Accuracy: White = 71%, Black = 48%.} 1-0

[Event "Chinese Chess League Men 2019"]
[Site "Daqing"]
[Date "2019.06.26"]
[Round "8.7"]
[White "Lou, Yiping"]
[Black "Wen, Yang"]
[Result "1/2-1/2"]
[WhiteElo "2482"]
[BlackElo "2588"]
[Annotator "TA"]
[PlyCount "47"]
[EventDate "2019.06.19"]
[EventType "team-tourn"]
[EventCountry "CHN"]
[SourceTitle "playchess.com"]
[Source "ChessBase"]
[SourceQuality "1"]

{[%evp 21,47,0,3,0,0,0,0,-12,0,-10,0,-7,0,0,6,0,0,0,0,0,4,0,0,0,3,0,0,0]} 1. d4 Nf6 2. c4 e6 3. Nc3 Bb4 4. Qc2 d5 5. cxd5 exd5 6. Bg5 h6 7. Bxf6 Qxf6 8. a3 Bxc3+ 9. Qxc3 c6 10. Nf3 O-O 11. e3 Bf5 {The position is equal.} 12. Bd3 {E35: Nimzo-Indian: Classical: 4...d5 5 cxd5 exd5} Bxd3 $146 ({Predecessor:} 12... Nd7 13. O-O Bxd3 {½-½ (14) Gagunashvili,M (2596)-Rozentalis,E (2631) Toronto 2010}) 13. Qxd3 Nd7 14. O-O Qd6 15. Rab1 a5 16. a4 Ra6 17. Rfc1 Rfa8 18. h3 R6a7 19. b3 Qe7 20. Qf5 Qd6 21. Qd3 Qe7 22. Qf5 Qd6 23. Qd3 Qe7 24. Qf5 1/2-1/2

[Event "Chinese Chess League Men 2019"]
[Site "Daqing"]
[Date "2019.06.26"]
[Round "8.8"]
[White "Liu, Qingnan"]
[Black "Xu, Yining"]
[Result "*"]
[WhiteElo "2551"]
[BlackElo "2359"]
[Annotator "TA"]
[PlyCount "140"]
[EventDate "2019.06.19"]
[EventType "team-tourn"]
[EventCountry "CHN"]
[SourceTitle "playchess.com"]
[Source "ChessBase"]
[SourceQuality "1"]

{[%evp 14,140,48,54,49,56,44,53,48,0,0,0,0,0,0,0,12,7,0,0,25,0,-3,0,7,0,7,-18,0,-26,-9,-9,-14,-42,0,0,10,10,10,10,10,10,14,0,0,0,0,-16,-7,-16,-8,-64,10,18,23,22,32,24,25,0,0,14,6,0,0,0,13,14,19,12,37,36,35,35,39,22,22,0,0,0,0,0,0,0,0,-20,-20,-20,-8,-12,-20,-12,-5,-5,-5,-32,-32,-173,-128,-277,0,-81,-81,-81,-90,-99,-89,-91,-73,-88,-81,-135,-126,-146,-8,-87,0,-71,-10,-8,0,-91,0,-8,0,-80,-72,-139,0]} 1. e4 d6 2. d4 Nf6 3. Nc3 g6 4. Bg5 Bg7 5. Qd2 h6 6. Bh4 g5 7. Bg3 Nh5 8. O-O-O Nd7 {B07: Pirc Defence: Miscellaneous Systems} (8... c6 9. Nge2 b5 10. f4 Qa5 11. a3 Nd7 12. Kb1 Nb6 13. fxg5 Nc4 14. Qd3 hxg5 15. Nc1 Qb6 16. Nb3 {0-1 (38) Amin,B (2689)-Petrosian,T (2601) Riadh 2017}) 9. Nge2 c5 10. Kb1 Qa5 {White is slightly better.} 11. f3 $146 ({Predecessor:} 11. f4 cxd4 12. Nxd4 Nxf4 13. Bxf4 gxf4 14. Qxf4 Be5 15. Qf2 Nf6 16. Bb5+ {1-0 (71) Schmalz,P (2033)-Pajak,J (2256) ICCF email 2016}) 11... Nxg3 12. Nxg3 cxd4 13. Nd5 Qxd2 14. Rxd2 {Hoping for Nc7+.} Kd8 15. Nf5 $1 {[%csl LRd4,LRe7,LRg7][%mdl 64] Double Attack} Bf8 16. Nxd4 a6 17. h4 e6 18. Ne3 Be7 19. Bc4 {Strongly threatening Bxe6!} Ne5 20. Bb3 Bd7 21. hxg5 Bxg5 22. Re2 Rg8 23. g4 Kc7 24. Ng2 {next f4 is good for White.} Ng6 25. Ree1 Nf4 26. Nxf4 Bxf4 27. Ne2 Bg5 28. Nc1 a5 29. a3 Bb5 30. c4 Ba6 31. a4 Rac8 32. Nd3 (32. Rd1 $11) 32... e5 (32... Kb8 $15) 33. Ba2 $11 Kb8 34. b3 Rg6 35. Rh3 b6 36. Kc2 b5 37. axb5 Bxb5 38. Rb1 Be3 39. Kd1 Bc6 40. Ke2 Bg5 41. Ra1 Kc7 42. Bb1 Ra8 43. Bc2 Rgg8 44. Rhh1 f6 45. Ra3 Rh8 46. Nf2 Kb6 47. Rd1 Kc7 48. Rda1 Kb6 49. Nh3 h5 50. Nxg5 fxg5 51. gxh5 Rxh5 52. b4 {[%cal Ra3a5]} Rh2+ 53. Kd3 {[%cal Ra3a5]} Rf8 {[%cal Rf8f3]} 54. bxa5+ Ka7 {[%cal Rf8f3]} 55. Rf1 {[#]} (55. Bd1 $15) 55... g4 $1 $19 {[%mdl 512]} 56. Bd1 (56. Raa1 $17) (56. fxg4 Rxf1) 56... gxf3 $2 (56... Rf4 $1 $19 {White must now prevent ...gxf3.} 57. Kc3 Bxe4 $1 {[%mdl 576] Pin}) 57. Bxf3 (57. Rxf3 $11 Rxf3+ 58. Bxf3) 57... Rf4 $17 {...Bxe4+! is the strong threat.} 58. Raa1 Rh3 59. Ke2 Bxe4 60. Bxe4 Rxe4+ {[%mdl 4160] Endgame Double Attack. KRR-KRR} 61. Kd2 Rd4+ 62. Ke2 (62. Ke1 $142) 62... Rxc4 63. Kd2 Ka6 ({Black should try} 63... Rd4+ $17 64. Ke2 Rh2+ 65. Ke3 Rh3+ 66. Ke2 Re4+ 67. Kd2 Rd4+ 68. Ke2) 64. Rf6 (64. Rfb1 $1 $11) 64... Rc6 (64... Rd4+ $17 65. Ke2 Rh2+ 66. Ke3 Rh3+ 67. Kf2 Rd2+ 68. Ke1 Rd4) 65. Raf1 (65. Rf8 $11) 65... Rb3 (65... Kxa5 $17 {aiming for ...Kb4.} 66. Rb1 Rh2+ 67. Kd3 Ka6) 66. Ra1 $11 Kb7 {[#]} 67. Re1 (67. a6+ $1 $11 {[%mdl 512]} Ka7 (67... Rxa6 68. Rxa6) 68. Rf7+ Ka8 69. Rd7) 67... Ka6 (67... Rb5 $17 68. Rf7+ Ka6) 68. Ra1 Kb7 ({Better is} 68... Ka7 $11) 69. Re1 $17 Rb5 70. Ke3 (70. Ra1 $142) 70... Ra6 {Accuracy: White = 42%, Black = 54%.} (70... Rxa5 $17 71. Rb1+ Kc8) *

[Event "Chinese Chess League Men 2019"]
[Site "Daqing"]
[Date "2019.06.26"]
[Round "8.9"]
[White "Xu, Xiangyu"]
[Black "Dai, Changren"]
[Result "1/2-1/2"]
[WhiteElo "2583"]
[BlackElo "2480"]
[Annotator "RC"]
[PlyCount "50"]
[EventDate "2019.06.19"]
[EventType "team-tourn"]
[EventCountry "CHN"]
[SourceTitle "playchess.com"]
[Source "ChessBase"]
[SourceQuality "1"]
[TimeControl "5400+30"]

1. d4 {[%emt 0:00:00]} Nf6 {[%emt 0:00:00]} 2. c4 {[%emt 0:00:00]} e6 {[%emt 0:00:00]} 3. g3 {[%emt 0:00:00]} d5 {[%emt 0:00:00]} 4. Bg2 {[%emt 0:00:02]} dxc4 {[%emt 0:00:16]} 5. Nf3 {[%emt 0:00:08]} a6 {[%emt 0:00:05]} 6. Ne5 {[%emt 0:07:06]} Bb4+ {[%emt 0:00:36]} 7. Nc3 {[%emt 0:01:28]} Nd5 {[%emt 0:00:06]} 8. O-O {[%emt 0:09:02]} Nxc3 {[%emt 0:02:45]} 9. bxc3 {[%emt 0:00:27]} Bxc3 {[%emt 0:00:05]} 10. Rb1 {[%emt 0:00:37]} Qxd4 {[%emt 0:00:39]} 11. Qa4+ {[%emt 0:01:36]} b5 {[%emt 0:00:30]} 12. Qa3 {[%emt 0:00:57]} Qxe5 {[%emt 0:02:44]} 13. Bf4 {[%emt 0:04:53]} Qf6 {[%emt 0:02:37]} 14. Bxc7 {[%emt 0:02:03]} b4 {[%emt 0:06:39]} 15. Rxb4 {[%emt 0:02:09]} Bxb4 {[%emt 0:01:32]} 16. Qxb4 {[%emt 0:00:13]} a5 {[%emt 0:04:17]} 17. Qb5+ {[%emt 0:02:25]} Bd7 {[%emt 0:02:44]} 18. Qxc4 {[%emt 0:00:21]} Ra6 {[%emt 0:01:32]} 19. Bxb8 {[%emt 0:00:15]} Rb6 {[%emt 0:01:49]} 20. Bf4 {[%emt 0:00:33]} Rb4 {[%emt 0:02:26]} 21. Qc7 {[%emt 0:00:23]} Qd8 {[%emt 0:00:20]} 22. Qa7 {[%emt 0:00:43]} Qb6 {[%emt 0:00:46]} 23. Qa8+ {[%emt 0:00:11]} Qd8 {[%emt 0:00:06]} 24. Qa7 {[%emt 0:00:05]} Qb6 {[%emt 0:00:05]} 25. Qa8+ {[%emt 0:00:08]} Qd8 {[%emt 0:00:05]} 1/2-1/2

[Event "Chinese Chess League Men 2019"]
[Site "Daqing"]
[Date "2019.06.26"]
[Round "8.10"]
[White "Li, Yankai"]
[Black "Li, Di"]
[Result "1/2-1/2"]
[WhiteElo "2432"]
[BlackElo "2535"]
[Annotator "TA"]
[PlyCount "60"]
[EventDate "2019.06.19"]
[EventType "team-tourn"]
[EventCountry "CHN"]
[SourceTitle "playchess.com"]
[Source "ChessBase"]
[SourceQuality "1"]

{[%evp 26,60,8,0,0,0,0,0,0,0,0,0,0,0,0,0,0,0,0,0,0,0,0,0,0,0,0,0,0,0,0,0,0,0,0,0,0]} 1. e4 e5 2. Nf3 Nf6 3. Nxe5 d6 4. Nf3 Nxe4 5. d4 d5 6. Bd3 Nc6 7. O-O Be7 8. Re1 Bg4 9. c3 f5 10. Qb3 O-O 11. Nbd2 Na5 12. Qa4 Nc6 13. Qb3 Na5 14. Qa4 {The position is equal.} Nc6 {C42: Petroff Defence: 3 Nxe5 and unusual White 3rd moves} 15. Bb5 Bh4 16. g3 Bf6 17. Bxc6 bxc6 18. Qxc6 Re8 19. Ne5 Bxe5 20. dxe5 Ng5 21. f4 Nh3+ 22. Kg2 $1 {[#] And now Nb3 would win.} Rb8 $146 23. c4 dxc4 24. Nxc4 {aiming for b3.} Qd3 {Hoping for ...Qc2+.} 25. Ne3 $36 {[%mdl 2048] Black must now prevent b3. White is pushing.} Rxb2+ {[%mdl 64] [#] Decoy} 26. Bxb2 {[%cal Rc6e8]} Qd2+ {[%mdl 64] Double Attack} 27. Kh1 {[%cal Rc6e8]} Nf2+ 28. Kg1 $1 {[%cal Rc6e8]} Nh3+ 29. Kh1 {[%cal Rc6e8]} Nf2+ 30. Kg1 $1 {[%cal Rc6e8]} Nh3+ 1/2-1/2

[Event "Chinese Chess League Men 2019"]
[Site "Daqing"]
[Date "2019.06.26"]
[Round "8.11"]
[White "Liu, Guanchu"]
[Black "Chu, Wei Chao"]
[Result "0-1"]
[WhiteElo "2462"]
[BlackElo "2374"]
[Annotator "TA"]
[PlyCount "150"]
[EventDate "2019.06.19"]
[EventType "team-tourn"]
[EventCountry "CHN"]
[SourceTitle "playchess.com"]
[Source "ChessBase"]
[SourceQuality "1"]

{[%evp 9,150,19,21,25,19,22,20,31,26,26,23,37,43,13,50,8,48,27,39,31,54,26,37,10,10,28,50,43,54,54,54,69,52,56,56,55,56,50,56,56,75,36,27,0,0,0,0,0,0,0,0,0,0,0,0,0,0,0,31,24,24,0,0,-10,0,-512,0,-65,0,-43,-47,-58,-54,-47,-47,-47,-47,-28,-19,-19,-10,-10,-10,-10,-10,-10,0,0,0,-8,-8,-8,-10,-10,-11,-10,-11,-12,-19,-19,-12,-12,-12,-12,-12,-13,-14,-101,-18,-32,-19,-53,-10,-10,-10,-50,-59,-453,-374,-451,-451,-397,-348,-771,-713,-763,-595,-975,-840,-1421,-479,-29972,-29973,-29973,-29974,-29974,-29975,-29975,-29975,-29974,-29975,-29973,-5126]} 1. e4 c6 2. d4 d5 3. e5 c5 4. dxc5 e6 5. a3 Nc6 6. Nf3 {B12: Caro-Kann: Advance Variation} Bxc5 7. b4 Bb6 8. Bb2 {The position is equal.} (8. Bd3 f6 9. Bb2 fxe5 10. Nxe5 Nf6 11. O-O O-O 12. Nd2 {½-½ (59) Rapport,R (2739)-Ponomariov,R (2682) Hengshui 2019}) 8... Nge7 9. Bd3 Ng6 10. O-O O-O 11. g3 a6 12. Qe2 Bc7 $146 ({Predecessor:} 12... Ba7) 13. Nbd2 b5 14. Nb3 Bd7 15. Rad1 a5 16. bxa5 Nxa5 17. Nxa5 Rxa5 18. h4 h6 19. Bc3 Ra8 20. Bb4 Re8 21. Bxg6 fxg6 22. Rd4 Ba5 23. Rg4 Bxb4 24. axb4 Qe7 25. Qd2 Rec8 26. Re1 Be8 27. Rf4 Ra2 28. Nd4 Rc4 29. Rf3 Bd7 30. Rb1 g5 31. hxg5 Qxg5 32. Qxg5 hxg5 33. c3 Ra3 34. Rb3 Ra1+ 35. Kh2 g4 36. Re3 Kf7 {...Rc8 is the strong threat.} 37. Rb2 $2 {[%mdl 8192]} (37. Kg2 $11 {and White stays safe.}) 37... Ke7 $2 (37... Rc8 $1 $19 38. Rd3 Rh8+ 39. Kg2 Rah1) 38. Nb3 {[#]} (38. Kg2 $11) 38... Rd1 (38... d4 $1 $15 {[%mdl 512]} 39. Nxd4 Rxd4 40. cxd4 Bc6) 39. f3 gxf3 40. Rxf3 {[#]} d4 $1 {[%mdl 512]} 41. Nxd4 Rcxd4 42. cxd4 $15 {[%mdl 4096] Endgame Strongly threatening Rbf2. KRR-KRB} Bc6 43. Rbf2 {aiming for Rf7+.} Bxf3 44. Rxf3 Rxd4 $11 {KR-KR} 45. Rf4 Rd5 46. Re4 $1 Kf7 47. Kh3 Kg6 48. Rg4+ Kf7 49. Rf4+ Kg8 50. Re4 Rd3 51. Kg4 Kf7 52. Kf4 Kg6 53. Re3 Rd4+ 54. Re4 Rd1 55. Re3 Rf1+ 56. Kg4 $1 Rb1 57. Re4 Rd1 58. Kh4 (58. Kf4 $11 {remains equal.}) 58... Rd7 (58... Kf5 $17 {[%cal Rd1h1]} 59. Rf4+ Kxe5) 59. Rg4+ Kh6 60. Kh3 g5 {Threatens to win with ...Kg6.} 61. Re4 $1 Rd3 62. Re2 Kh5 63. Re4 $2 {[%mdl 8192] [#]} ({White should play} 63. Rf2 $15) 63... Kg6 $1 $19 {[%cal Rg6f5]} 64. Re2 {[#]} Kf5 $1 65. Rf2+ Kxe5 66. Kg4 $2 (66. Rc2 Kf5 67. Rf2+ Ke4 68. Rf8) 66... Kd4 67. Rf6 e5 68. Rd6+ Ke3 69. Re6 e4 (69... Rd4+ $142 70. Kxg5 e4) 70. Kxg5 (70. Re5 $19 Rd4 71. Rxb5) 70... Kf3 {Black mates.} 71. g4 e3 72. Rf6+ Kg2 73. Re6 Kf2 74. Rf6+ Ke1 75. Rf5 e2 {Accuracy: White = 46%, Black = 65%.} (75... Kd2 $142 76. Kf6 e2 77. Rf2 Re3 78. g5 Kc3 79. Rxe2 Rxe2 80. Kf7 Kxb4 81. Kf6 Kc5 82. g6 b4 83. g7 Rg2 84. Kf7 b3 85. g8=R Rxg8 86. Kxg8 b2 87. Kh7 b1=Q+ 88. Kg7 Qf5 89. Kg8 Kd6 90. Kg7 Ke6 91. Kh6 Qg4 92. Kh7 Kf7 93. Kh8 Qh5#) 0-1

[Event "Chinese Chess League Men 2019"]
[Site "Daqing"]
[Date "2019.06.26"]
[Round "8.12"]
[White "Zhao, Zhouqiao CHN"]
[Black "Zhao, Yuanhe"]
[Result "0-1"]
[WhiteElo "2215"]
[BlackElo "2444"]
[Annotator "TA"]
[PlyCount "76"]
[EventDate "2019.06.19"]
[EventType "team-tourn"]
[EventCountry "CHN"]
[SourceTitle "playchess.com"]
[Source "ChessBase"]
[SourceQuality "1"]

{[%evp 12,76,6,1,23,17,36,13,35,31,24,39,34,37,48,0,12,0,18,-20,-10,-16,0,-4,-6,-2,-5,-12,-15,-8,34,28,36,42,51,15,14,0,0,-7,-10,-9,-11,-4,-7,-29,-25,-41,-40,-43,-16,-20,-20,-18,-22,-19,-20,-22,-18,-431,-410,-344,-345,-727,-727,-725,-725]} 1. e4 c5 2. Nf3 d6 3. Bb5+ Nd7 4. O-O a6 5. Bxd7+ Bxd7 6. d4 cxd4 7. Qxd4 Bc6 {B51: Sicilian: Moscow Variation (3 Bb5+) without 3...Bd7} (7... Rc8 8. Nc3 e5 9. Qd3 h6 10. Nd2 Nf6 11. Nc4 Be6 12. Ne3 Be7 13. Rd1 O-O 14. Bd2 Qb6 15. a4 {½-½ (42) Leko,P (2674)-Fedoseev,V (2683) Hengshui 2019}) 8. Nc3 h6 9. Re1 e5 {The position is equal.} 10. Qd3 Nf6 11. Nd2 Rc8 $146 ({Predecessor:} 11... b5 12. a3 Rc8 13. Nf1 Nd7 14. Be3 Be7 15. Rad1 Qc7 {0-1 (40) Shyam,N (2431)-Dzhumaev,M (2530) Al Ain 2012}) 12. Nf1 Qc7 13. Qf3 Be7 14. Ne3 g6 15. Qd1 b5 ({And not} 15... Nxe4 16. Ned5 $16) (15... Bxe4 $2 16. Nxe4 Nxe4 17. Nd5 $18) 16. a3 Kf8 ({Weaker is} 16... Nxe4 17. Ned5 $16) ({Don't go for} 16... Bxe4 $2 17. Nxe4 Nxe4 18. Nd5 $16) 17. f3 Kg7 18. Qd3 Rhd8 19. Rd1 Bb7 20. Kh1 Qc5 21. Bd2 Nh5 22. Ned5 Bg5 23. Be3 (23. Qf1 {with more complications.} Rf8 24. Qe1 Rcd8 25. Rac1 Rh8 26. Be3) 23... Bxe3 24. Qxe3 Bxd5 25. Qxc5 Rxc5 26. Rxd5 Nf4 27. Rd2 Ne6 28. Kg1 Nd4 29. Kf2 a5 30. Ne2 Nxc2 31. Rad1 b4 32. a4 b3 33. Rxd6 Rxd6 34. Rxd6 $11 {KRN-KRN} Rc4 35. Rb6 $2 {[%mdl 8192]} (35. Rd3 $1 $11 {and White has nothing to worry.}) 35... Nb4 $19 36. Ke3 Rc2 37. Nc3 $2 {[#]} (37. Rd6 Rxb2 38. Rd2) 37... Rxc3+ $1 {[%mdl 576] Promotion} 38. bxc3 b2 {Accuracy: White = 35%, Black = 59%.} 0-1

[Event "Chinese Chess League Men 2019"]
[Site "Daqing"]
[Date "2019.06.27"]
[Round "9.1"]
[White "Liu, Zexu"]
[Black "Yu, Yangyi"]
[Result "*"]
[WhiteElo "2121"]
[BlackElo "2738"]
[Annotator "TA"]
[PlyCount "44"]
[EventDate "2019.06.19"]
[EventType "team-tourn"]
[EventCountry "CHN"]
[SourceTitle "playchess.com"]
[Source "ChessBase"]
[SourceQuality "1"]

{[%evp 3,3,30]} 1. d4 Nf6 2. Nf3 {Predecessor:} d5 $146 3. c4 e6 4. Nc3 c6 5. e3 Nbd7 6. Bd3 dxc4 7. Bxc4 b5 8. Bd3 a6 9. e4 c5 10. e5 cxd4 11. Nxb5 axb5 12. exf6 gxf6 13. O-O Qb6 14. Qe2 b4 15. Bf4 h5 16. Rfc1 Bc5 17. a4 bxa3 18. bxa3 Ba6 19. Rab1 Bxd3 20. Qxd3 Rxa3 21. Qxa3 Bxa3 22. Rxb6 Bxc1 {1-0 (45) Navara,D (2739)-Ding,L (2812) Shamkir 2019} *

[Event "Chinese Chess League Men 2019"]
[Site "Daqing"]
[Date "2019.06.27"]
[Round "9.1"]
[White "Liu, Zexu"]
[Black "Yu, Yangyi"]
[Result "0-1"]
[WhiteElo "2121"]
[BlackElo "2738"]
[Annotator "RC"]
[PlyCount "84"]
[EventDate "2019.06.19"]
[EventType "team-tourn"]
[EventCountry "CHN"]
[SourceTitle "playchess.com"]
[Source "ChessBase"]
[SourceQuality "1"]
[TimeControl "5400+30"]

1. d4 {[%emt 0:00:00]} Nf6 {[%emt 0:00:00]} 2. Nf3 {[%emt 0:00:00]} e6 {[%emt 0:01:12]} 3. Bf4 {[%emt 0:00:05]} b6 {[%emt 0:01:05]} 4. e3 {[%emt 0:00:14]} Bb7 {[%emt 0:00:05]} 5. Be2 {[%emt 0:00:35]} g6 {[%emt 0:01:49]} 6. O-O {[%emt 0:01:09]} Bg7 {[%emt 0:00:07]} 7. Nbd2 {[%emt 0:00:34]} O-O {[%emt 0:00:12]} 8. h3 {[%emt 0:00:38]} d6 {[%emt 0:00:21]} 9. c3 {[%emt 0:02:42]} Nbd7 {[%emt 0:00:17]} 10. a4 {[%emt 0:01:45]} a6 {[%emt 0:00:47]} 11. Nc4 {[%emt 0:04:30]} Qe7 {[%emt 0:01:46]} 12. Bh2 {[%emt 0:01:05]} Rfd8 {[%emt 0:01:10]} 13. Qb3 {[%emt 0:02:11]} h5 {[%emt 0:04:26]} 14. Rfd1 {[%emt 0:04:00]} Nh7 {[%emt 0:04:29]} 15. Bg3 {[%emt 0:09:12]} Ndf6 {[%emt 0:03:10]} 16. Ncd2 {[%emt 0:03:54]} a5 {[%emt 0:16:06]} 17. Qc2 {[%emt 0:01:01]} Nd7 {[%emt 0:05:43]} 18. e4 {[%emt 0:05:06]} e5 {[%emt 0:04:22]} 19. Bd3 {[%emt 0:07:02]} Bf6 {[%emt 0:00:56]} 20. h4 {[%emt 0:02:19]} Nhf8 {[%emt 0:01:27]} 21. Nc4 {[%emt 0:02:10]} Ne6 {[%emt 0:00:16]} 22. Bf1 {[%emt 0:05:16]} Bg7 {[%emt 0:01:53]} 23. Ne3 {[%emt 0:01:45]} Nf6 {[%emt 0:00:14]} 24. dxe5 {[%emt 0:01:46]} Nxe4 {[%emt 0:00:40]} 25. exd6 {[%emt 0:00:45]} cxd6 {[%emt 0:00:01]} 26. Bh2 {[%emt 0:00:12]} d5 {[%emt 0:00:19]} 27. Bd3 {[%emt 0:06:21]} N4c5 {[%emt 0:00:01]} 28. Re1 {[%emt 0:05:24]} d4 {[%emt 0:00:50]} 29. Nxd4 {[%emt 0:00:59]} Nxd4 {[%emt 0:07:08]} 30. cxd4 {[%emt 0:00:13]} Nxd3 {[%emt 0:00:07]} 31. Qxd3 {[%emt 0:03:45]} Rxd4 {[%emt 0:00:12]} 32. Qb5 {[%emt 0:01:15]} Rb4 {[%emt 0:05:59]} 33. Qd3 {[%emt 0:04:33]} Rd8 {[%emt 0:01:51]} 34. Nd5 {[%emt 0:04:34]} Qxh4 {[%emt 0:05:44]} 35. Nxb4 {[%emt 0:02:18]} Rxd3 {[%emt 0:00:04]} 36. Nxd3 {[%emt 0:00:01]} Qg4 {[%emt 0:00:36]} 37. Re8+ {[%emt 0:01:05]} Kh7 {[%emt 0:00:05]} 38. Ne1 {[%emt 0:00:12]} h4 {[%emt 0:02:43]} 39. Rc1 {[%emt 0:07:12]} h3 {[%emt 0:03:32]} 40. Re3 {[%emt 0:01:34]} hxg2 {[%emt 0:01:41]} 41. Rc7 {[%emt 0:01:31]} Bd5 {[%emt 0:00:30]} 42. Rg3 {[%emt 0:00:26]} Qe2 {[%emt 0:01:31]} 0-1